<?xml version='1.0' encoding='UTF-8'?>
  <record xmlns="http://www.loc.gov/MARC21/slim">
    <leader>00000cam a22000007i 4500</leader>
    <controlfield tag="001">ocm64846838</controlfield>
    <controlfield tag="003">OCoLC</controlfield>
    <controlfield tag="005">20250104105336.4</controlfield>
    <controlfield tag="008">880629s1549    be            000 0 dut d</controlfield>
    <datafield tag="040" ind1=" " ind2=" ">
      <subfield code="a">NLGGC</subfield>
      <subfield code="b">dut</subfield>
      <subfield code="e">fobidrtb</subfield>
      <subfield code="c">NLGGC</subfield>
      <subfield code="d">OCLCO</subfield>
      <subfield code="d">OCLCA</subfield>
      <subfield code="d">OCLCL</subfield>
      <subfield code="d">OCLCQ</subfield>
    </datafield>
    <datafield tag="029" ind1="0" ind2=" ">
      <subfield code="a">NLGGC</subfield>
      <subfield code="b">047337621</subfield>
    </datafield>
    <datafield tag="035" ind1=" " ind2=" ">
      <subfield code="a">(OCoLC)64846838</subfield>
    </datafield>
    <datafield tag="100" ind1="1" ind2=" ">
      <subfield code="a">Serlio, Sebastiano,</subfield>
      <subfield code="d">1475/90-1553/57.</subfield>
      <subfield code="1">https://id.oclc.org/worldcat/entity/E39PBJycVjjwvCYKdG3jfDHjYP</subfield>
    </datafield>
    <datafield tag="245" ind1="1" ind2="0">
      <subfield code="a">Reglen van metselrijen, op de vijue manieren van edificien, te wetene, Thuscana, Dorica, Jonica, Corinthia, ende Composita :</subfield>
      <subfield code="b">ende daer by gesedt die exemplen vanden Antijquen, die in dmeeste deel met de leeringe van Vitruuio ouercommen : met noch toeghesedtte figuren die int eerste niet en waren, ende sommige texten vanden aucteur gebetert hier oock by gesedt.</subfield>
    </datafield>
    <datafield tag="246" ind1="3" ind2=" ">
      <subfield code="a">Reglen van metselrijen, op de vijve manieren van edificien, te wetene, Thuscana, Dorica, Jonica, Corinthia, en Composita</subfield>
    </datafield>
    <datafield tag="246" ind1="3" ind2=" ">
      <subfield code="a">Reglen van metselrijen</subfield>
    </datafield>
    <datafield tag="260" ind1=" " ind2=" ">
      <subfield code="a">[S.l.] :</subfield>
      <subfield code="b">[s.n.],</subfield>
      <subfield code="c">1549</subfield>
      <subfield code="e">(Ouerghesedt ende gedruct Thantwerpen :</subfield>
      <subfield code="f">deur Peeter Couck van Aelst)</subfield>
    </datafield>
    <datafield tag="300" ind1=" " ind2=" ">
      <subfield code="a">7 dl. :</subfield>
      <subfield code="b">ill. ;</subfield>
      <subfield code="c">in-2.</subfield>
    </datafield>
    <datafield tag="336" ind1=" " ind2=" ">
      <subfield code="a">tekst</subfield>
      <subfield code="b">txt</subfield>
      <subfield code="2">rdacontent/dut</subfield>
    </datafield>
    <datafield tag="337" ind1=" " ind2=" ">
      <subfield code="a">zonder medium</subfield>
      <subfield code="b">n</subfield>
      <subfield code="2">rdamedia/dut</subfield>
    </datafield>
    <datafield tag="338" ind1=" " ind2=" ">
      <subfield code="a">band</subfield>
      <subfield code="b">nc</subfield>
      <subfield code="2">rdacarrier/dut</subfield>
    </datafield>
    <datafield tag="500" ind1=" " ind2=" ">
      <subfield code="a">De auteur is Sebastiaen Serlius.</subfield>
    </datafield>
    <datafield tag="530" ind1=" " ind2=" ">
      <subfield code="a">Titel is geselecteerd voor digitalisering voor de Universiteit van Leiden in het kader van het Google Books-project.</subfield>
    </datafield>
    <datafield tag="710" ind1="0" ind2=" ">
      <subfield code="a">Coecke van Aelst, Pieter (Antwerpen)</subfield>
      <subfield code="4">prt</subfield>
      <subfield code="0">(NL-LeOCL)324430124</subfield>
    </datafield>
    <datafield tag="776" ind1="0" ind2=" ">
      <subfield code="t">Reglen van metselrijen, op de vijve manieren van edificien, te wetene, Thuscana, Dorica, Jonica, Corinthia, en Composita</subfield>
      <subfield code="w">(NL-LeOCL)411356097</subfield>
    </datafield>
    <datafield tag="936" ind1=" " ind2=" ">
      <subfield code="a">BATCHLOAD</subfield>
    </datafield>
  </record>